00415nam a2200157Ia 450000500170000000800410001702000150005805000250007310000210009824500490011926000350016830000330020344000060023652100070024252600080024920140405094549.0140130s9999 xx 000 0 und d a0439832985 aPZ 8.3b.M127Gr 2006 aMaccarone, Grace cMaccarone, Grace aGraduation day is here! / bScholastic,c2006.aNew York : a29 p. :bcol. ill. ;c23 cm. v1 aG2 c370